Nuestro patrimonio documental /
Gardado en:
| Autor Principal: | |
|---|---|
| Formato: | Desconocido |
| Idioma: | Spanish |
| Materias: | |
| Etiquetas: |
Engadir etiqueta
Sen Etiquetas, Sexa o primeiro en etiquetar este rexistro!
|
MARC
| LEADER | 000000000a22000000004500 | ||
|---|---|---|---|
| 001 | 007873 | ||
| 041 | 0 | |a spa | |
| 100 | 1 | |a Rivas Fernández, José Bernal | |
| 245 | 1 | 0 | |a Nuestro patrimonio documental / |c José Bernal Rivas Fernández. |
| 310 | |a Semestral | ||
| 650 | 4 | |a HISTORIAS | |
| 650 | 4 | |a FUENTES | |
| 773 | 0 | |d San José, Costa Rica : Editorial de la Universidad de Costa Rica |t Herencia |g volumen 2, número 1 (1990), páginas 69-75 | |
| 942 | |c ARC | ||
| 999 | |c 14739 |d 14739 | ||
